Quiz klasyczny - Statystyki

Ogólne statystyki
  • Ten quiz został rozwiązany 95 razy
  • Średni wynik to 26 z 41
Odpowiedzi na mapie
Odpowiedzi zakodowano w zielono-czerwonej skali na mapie do tego quizu, zgodnie z poniższymi procentami.
 
Statystyki odpowiedzi
Odpowiedź % Poprawnych
Brasilia
80%
moskwa
80%
Waszyngton
80%
buenos aires
75%
Canberra
75%
Meksyk
75%
Ottawa
75%
Santiago
75%
kair
70%
lima
70%
pekin
70%
tokio
70%
Astana
65%
Hawana
65%
montevideo
65%
nowe delhi
65%
pjongjang
65%
ułan bator
65%
wellington
65%
abudża
60%
Addis abeba
60%
ankara
60%
Asuncion
60%
bangkok
60%
Caracas
60%
Chartum
60%
Damaszek
60%
islamabad
60%
manila
60%
Pretoria
60%
seul
60%
Teheran
60%
trypolis
60%
tunis
60%
dhaka
55%
Dżakarta
55%
Kinszasa
55%
Rijad
55%
Luanda
50%
Bagdad
45%
kabul
40%
Nie znaleziono quizów pasujących do podanych kryteriów
Rozkład punktacji
Procent ludzi z każdym wynikiem
Percentyl według liczby udzielonych odpowiedzi
Twoja historia wyników
Nie rozwiązałeś tego quizu